Realistická digitalizácia 3D scény

Salvato in:
Dettagli Bibliografici
Autore principale: Jurík, Florián (Autore)
Altri autori: Vančo, Marek (Relatore della tesi)
Natura: Manoscritto Libro
Lingua:slovacco
Pubblicazione: Bratislava : STU v Bratislave FEI, 2025
Soggetti:
Accesso online:https://opac.crzp.sk/?fn=detailBiblioFormChildK10P70&sid=BA75C2D62745AD5726E9919ED92F&seo=CRZP-detail-kniha
Tags: Aggiungi Tag
Nessun Tag, puoi essere il primo ad aggiungerne!!

MARC

LEADER 00000ntm a22000003a 4500
001 stuzp96700
003 SK-STU
005 20251112141624.2
007 ta
008 150427s2015----xo-----f-mn---000-0-slo-d
040 |a STU  |b slo 
041 0 |a slo 
044 |a xo 
100 1 |a Jurík, Florián  |u 037000  |4 aut  |U FEI Fakulta elektrotechniky a informatiky  |T FEI Ústav multimediálnych informačných a komunikačných technológií  |X 115072  |U E070  |Y 818  |7 115072 
242 0 1 |a Realistic 3D Scene Digitalization  |y eng 
245 1 0 |a Realistická digitalizácia 3D scény 
260 |a Bratislava :  |b STU v Bratislave FEI,  |c 2025 
300 |a 56 s. 
650 4 |a Gaussian-splatting  |2 slo 
650 4 |a PSNR  |2 slo 
650 4 |a obrázkový dataset  |2 slo 
650 4 |a Structure From Motion (SFM)  |2 slo 
650 4 |a NeRF  |2 slo 
650 4 |a PSNR  |2 eng 
650 4 |a Gaussian-splatting  |2 eng 
650 4 |a picture dataset  |2 eng 
650 4 |a NeRF  |2 eng 
650 4 |a Structure From Motion (SFM)  |2 eng 
700 1 |a Vančo, Marek  |u 037000  |k Z2  |4 ths  |U FEI Fakulta elektrotechniky a informatiky  |T FEI Ústav multimediálnych informačných a komunikačných technológií  |X 35291  |U E070  |Y 818  |7 A000035291 
856 4 |u https://opac.crzp.sk/?fn=detailBiblioFormChildK10P70&sid=BA75C2D62745AD5726E9919ED92F&seo=CRZP-detail-kniha